|
|
|
|
| LEADER |
00000cas a2200000 a 4500 |
| 001 |
vtls008304565 |
| 003 |
SK-MaSNL |
| 005 |
20260228155820.0 |
| 008 |
051021d19461948xo mr p 0 b0slo |
| 040 |
|
|
|a SNK
|b slo
|c SNK
|
| 041 |
0 |
|
|a slo
|
| 044 |
|
|
|a xo
|c SK
|
| 072 |
|
7 |
|a 271/279
|x Kresťanské cirkvi, sekty, denominácie
|2 konspekt
|
| 080 |
|
|
|a 274.5
|2 2011
|
| 080 |
|
|
|a 050
|2 2011
|
| 080 |
|
|
|a 274/278-1/-9
|2 2011
|
| 080 |
|
|
|a 2(051)
|2 2011
|
| 245 |
0 |
0 |
|a Živý evanjelik
|b sborový list Evanjelického a. v. cirkevného sboru vrbickosvätomikulášskeho
|
| 260 |
|
|
|a Liptovský Sv. Mikuláš
|b Evanj. a. v. cirkevný sbor vrbickosvätomikulášsky
|c 1946-1948
|
| 300 |
|
|
|a 2 zv.
|
| 310 |
|
|
|a 1x mesačne
|
| 362 |
0 |
|
|a Roč. 1 (8. dec. 1946/1947)-roč. 2, č. 2 (26. marca 1948)
|z Bg. Balúnová/1995 ; SKP
|
| 650 |
0 |
7 |
|a evanjelické náboženstvo
|2 SNKPH
|9 4015
|
| 655 |
|
7 |
|a náboženské časopisy
|2 SNKPH
|9 70790
|
| 710 |
2 |
|
|a Evanjelický a. v. cirkevný sbor vrbickosvätomikulášsky (Liptovský Mikuláš, Slovensko)
|4 pbl
|9 265378
|
| 910 |
|
|
|a snk
|
| 999 |
|
|
|c 668
|d 668
|
| 952 |
|
|
|0 0
|1 0
|4 0
|7 0
|8 5
|a SNK
|b SNK
|d 2005-10-21
|i snkF 4302/68
|l 0
|o snkČSC 672/2/1948
|p 17A0486689
|r 2026-02-21 19:30:15
|t č. 1-2
|w 2026-02-21
|y PREZ
|
| 952 |
|
|
|0 0
|1 0
|4 0
|7 0
|8 5
|a SNK
|b SNK
|d 2005-10-21
|i snkČSF 814/56
|l 0
|o snkČSC 672/1/1946
|p 17A0486690
|r 2026-02-21 19:30:15
|t č. 1-8, neúplné
|w 2026-02-21
|y PREZ
|